Statistiques concernant Les 10 plus gros transferts de l'histoire du foot

Cliquez ici pour prendre le quiz!

Statistiques générales

  • Ce quiz a été pris 84 fois
  • Le résultat moyen est 6 sur 10

Statistiques - réponses

MontantAnnéRéponse% Correct
222M2017Neymar
99%
180M2018Mbappe
97%
117M2018Ronaldo
66%
140M2017Dembele
63%
135M2018Coutinho
56%
120M2019Griezmann
56%
117,5M2021Grealish
39%
115M2019Hazard
34%
121M2023Fernandez
27%
127M2020Félix
21%

Distribution des résultats

Percentile par nombre de réponses

% des personnes avec chaque résultat

Votre développement - résultats

Vous n’avez pas pris ce quiz